000 00360nam a22001577a 4500
003 MACL
005 20151128131401.0
008 151128b xxu||||| |||| 00| 0 eng d
040 _cMACL
041 _aEnglish
082 _a100/SAK
100 _aSaha,Sukharanjan
_918515
245 _aFusion Epistemology
650 _aPhilosophy
_918516
942 _2ddc
_cBK
999 _c51260
_d51260